Chramový sviatok v Zbudskej Belej

Bibliographic Details
Main Author: Haluška, Alexander ml (Author)
Format: Article
Language:Slovak
ISSN:0139-9012
Subjects:

MARC

LEADER 00000nab a2200000 a 4500
001 vtls009087142
003 SK-MaSNL
005 20260305011854.0
008 070815c2007 xo mr p 000 a0slo
015 |a SNBRB2007/08 
038 |a SVKPOCL 
040 |a SVKPOCL  |b slo  |c SVKPO  |e AACR2 
041 0 |a slo 
044 |a xo  |c SK 
080 |a 271.2-7(437.6):27-567  |2 2001 
080 |a 27-567  |2 2001 
100 1 |a Haluška, Alexander  |c ml.  |4 aut  |9 1588176 
245 1 0 |a Chramový sviatok v Zbudskej Belej  |c Alexander Haluška, ml. 
610 2 7 |a Pravoslávna cirkevná obec (Zbudská Belá, Slovensko)  |2 svkpocl  |9 1588177 
648 7 |a 2007  |2 svkpocl  |9 313226 
650 0 7 |a odpusty  |2 svkpocl  |9 555335 
650 0 7 |a náboženstvo  |2 svkpocl  |9 2023 
651 7 |a Zbudská Belá (Slovensko)  |2 svkpocl  |9 73604 
651 7 |a Medzilaborce (Slovensko : okres)  |2 svkpocl  |9 29394 
773 0 |t Odkaz sv. Cyrila a Metoda = Zapovit sv. Kyryla i Mefodija  |g Roč. LIII, č. 6 (2007), s. 32  |x 0139-9012 
852 |a SVKPO  |b KIS3GCP 
958 |a UK 
958 |a NT 
958 |a SK 
958 |a RN 
999 |c 3255079  |d 3257009